Quizzes
Events
Quiz Creation
Community
Videos
Private Events
Remove Ads
Sign In
Join for FREE
Feedback
Dark Mode
Quiz Categories
Sports
Geography
Music
Movies
Television
Just For Fun
Miscellaneous
History
Literature
Language
Science
Gaming
Entertainment
Religion
Holiday
For Kids
Quiz Lab
Recent
Popular Today
Quiz Kudos Today
Editor Picks
Curator Picks
Quizzes by...
Day
Popularity
Type
Ratings
Length
Year
Community
Subscriptions
Recent Discussions
Orange Saloon
Badges
Playlists
Quests
Create
Leaderboards
Showdown
Live 5
Trivia Bingo
Activity
Puzzle Library
Sporcle Events
Private Events
Virtual Trivia
Globe League
Become a Host
Pub Owners
SporcleCon
Opinionation
Our Games
Videos
Blog
Mobile Apps
Partnerships
Remove Ads and Go Orange
Feedback
Music
Pop Music
The Beatles
Song
Album
Lyrics
Bands
Singers
Artist
Clip
Rock
Rap
Classical
Billboard
Country Music
Kpop
Taylor Swift
Music
Pop Music
The Beatles
Song
Album
Lyrics
Bands
Singers
Artist
Clip
Rock
Rap
Classical
Billboard
Country Music
Kpop
Taylor Swift
Random Quiz
Search Sporcle
×
Quiz Lab
Quiz Lab
Music
Lyrics
Type in answers that appear in a list
Type in answers that appear in a list
Classic
Best Score? Go Orange.
Six Feet Under - The Weeknd ft. Future Lyrics Stats
Can you name the lyrics to Six Feet Under by The Weeknd ft. Future?
By
nee72495
10m
271 Questions
704 Plays
704 Plays
704 Plays
Comments
Comments
Give Quiz Kudos
Give Quiz Kudos
-
- Ratings
hide this ad
Replay
Link that replays current quiz
Next Quiz
Link to next quiz in quiz playlist
You Got
0%
They Got
Avg Score
79%
Avg Friend Score
Upgrade to see
Score Distribution
Jump to the score distribution portion of the page
Score
0/271
Timer
10:00
0
Plays Today
Lyrics
% Correct
[Chorus]
98.9%
a
97.3%
A
97.3%
a
97.3%
a
97.3%
a
97.3%
a
97.3%
a
97.3%
a
97.3%
a
97.3%
a
97.3%
a
97.3%
She
97%
she
97%
She
97%
she
97%
She
97%
She
97%
She
97%
She
97%
She
97%
She
97%
She
97%
she.
97%
she
97%
she
97%
she
97%
She
97%
She
97%
she
97%
she
97%
she
97%
She
97%
she
97%
she
97%
she
97%
She
97%
She
97%
she...
97%
she
97%
get
95.7%
get
95.7%
get
95.7%
go
95.7%
go
95.7%
Six
94.6%
feet
94.6%
under
94.6%
Six
94.6%
feet
94.6%
under. (x4)
94.6%
Six
94.6%
feet
94.6%
under
94.6%
Six
94.6%
feet
94.6%
under
94.6%
that
93.3%
that
93.3%
that
93.3%
that
93.3%
that
93.3%
that
93.3%
do
92.2%
her.
91.7%
her
91.7%
her
91.7%
her
91.7%
her
91.7%
her
91.7%
her
91.7%
her
91.7%
her
91.7%
her
91.7%
her
91.7%
paper. (x3)
91.3%
paper.
91.3%
paper. (x3)
91.3%
****
90.7%
****
90.7%
****
90.7%
gon'
90.4%
gon'
90.4%
gon'
90.4%
gon'
90.4%
gon'
90.4%
gon'
90.4%
don't
88.9%
don't
88.9%
don't
88.9%
don't
88.9%
Lyrics
% Correct
don't
88.9%
don't
88.9%
the
87.9%
the
87.9%
the
87.9%
it
87.3%
it
87.3%
it
87.3%
it
87.3%
it.
87.3%
no
86.9%
no
86.9%
know
86.3%
know
86.3%
Know
86.3%
got
86.2%
got
86.2%
got
86.2%
got
86.2%
Got
86.2%
got
86.2%
'em
85.6%
for
85.6%
for
85.6%
for
85.6%
for
85.6%
****
85.4%
around
84.5%
around,
84.5%
around.
84.5%
around,
84.5%
around.
84.5%
about
83.7%
ain't
83.7%
ain't
83.7%
about
83.7%
ain't
83.7%
ain't
83.7%
ain't
83.7%
in
83.6%
in
83.6%
in
83.6%
to
82.9%
to
82.9%
to
82.9%
to
82.9%
to
82.9%
to
82.9%
emotional.
82.2%
and
81.5%
and
81.5%
And
81.5%
And
81.5%
and
81.5%
Ask
80.9%
like
80.7%
like
80.7%
like
80.7%
Kill
80.5%
kill
80.5%
kill
80.5%
pussy
80.2%
up
79.9%
up
79.9%
up
79.9%
all
79.5%
all
79.5%
time
79%
time.
79%
time.
79%
just
78.6%
just
78.6%
fan
77.2%
with
77.2%
Suit
77.2%
with
77.2%
feelings.
76.2%
so
76.2%
So
76.2%
So
76.2%
make
75.3%
lovin'.
75.2%
couple
74.6%
couple
74.6%
play
74.5%
play
74.5%
money
74.3%
money
74.3%
candy.
73.9%
wanna
73.9%
wanna
73.9%
Lyrics
% Correct
****
73.5%
****
73.5%
****
73.5%
who
73.3%
lick
73.3%
husband.
73.2%
You
73.2%
You
73.2%
tie
73%
family.
72.9%
Louis
72.2%
approachable.
71.9%
off
71.8%
games.
71.5%
pop
71.2%
leave
71%
club,
69.8%
pull
69.3%
Bentley.
69.2%
When
68.8%
die
68.8%
die
68.8%
me
68.8%
me
68.8%
on
68.3%
life
67.9%
ass
67.3%
ass
67.3%
fancy.
67.2%
how
66.9%
down,
66.9%
their
66.8%
'til
66.8%
'Til
66.8%
live
66.5%
comes
66%
Vuitton
66%
now.
66%
rather
65.3%
rather
65.3%
what
63.1%
back
62.6%
anybody.
62.5%
give
62.2%
body.
62.1%
nobody.
62.1%
nobody
62.1%
suitcase.
61.6%
turn
61.6%
turn
61.6%
check
61.5%
depend
61.5%
roleplay.
61.2%
base.
61.1%
waste
57.9%
waste
57.9%
crew
57.8%
over
57.5%
bend
57.3%
poppin'.
57.1%
whole
56.9%
backbone.
55.9%
why
55.5%
hobby.
54.8%
Not
54.2%
Not
54.2%
That's
53.9%
own
53.8%
type
52.8%
home,
52.8%
type
52.8%
mind.
52.1%
mind.
52.1%
lose
51.8%
lose
51.8%
Real
51.5%
Counting
50.9%
phone.
50.8%
trying
47.8%
hard
47.6%
find.
47.5%
catch
47.5%
waiting
45.9%
trap
44.9%
love's
44.2%
lusting.
43.5%
need
43.5%
crying.
37.1%
blinging
33.8%
Quiz Playlist
Details
Report
Send in Message
Add To Playlist
Classic:
Type in answers that appear in a list
Quiz Source
Last Updated: Jun 18, 2017
Quiz Scoreboard
CHALLENGE
Sign Up to Join the Scoreboard
Show All
Scores
Hide
Comments
May contain spoilers
Recently Published
An Introduction to Baseball
by treessimontrees
Sports
5m
Movies - When Are They Set?
by FPL_Elf
Movies
5m
Popular People in 1961
by mucciniale
History
6m
More to Explore
Quiz From the Vault
Featured Blog Post
Where Did the Easter Bunny Come From?
hide this ad
You Might Also Like...
Tags
Lyrics Quiz
Rap Quiz
feet
future
Hip-Hop
Rap Lyrics
Rap Songs
Six
Six Feet
The Weeknd
Under
Today's Top Quizzes in Music
Browse Music
hide this ad
Today's Top Quizzes in Lyrics
Browse Lyrics
Top Contributed Quizzes in Music
1
Taylor Swift All Songs (2024)
2
Guess the Artist- 70s Songs
3
One Thing in Common: Music
4
KPOP LOGIC QUIZ
5
2010s Album by Cover III
6
Taylor Swift Logic Puzzle
7
Guess the Taylor Swift song (Mystery Song)
8
7-to-1: Billboard Hot 100 #1 Hits of 2010s
9
2010s Album by Cover IV
10
2010s Album by Cover V
Explore More
Trending Topics
Anime
NBA
Kpop
Crossword
Marvel
Harry Potter
Disney
NFL
Pokémon
Song
WWE
The Office
Soccer
Puzzle
Country
hide this ad
More By:
nee72495
Quiz
Plays
Rating
Category
Featured
Created
There's Nothing Holdin' Me Back - Shawn Mendes Lyrics
7,570
4.64
Music
Apr 30, 2017
Rick and Morty: Interdimensional Cable
3,580
4.60
Television
Sep 7, 2017
Never Be Alone - Shawn Mendes Lyrics
3,349
5.00
Music
Oct 16, 2017
Party Monster - The Weeknd Lyrics
3,161
5.00
Music
May 10, 2017
Attention - Charlie Puth Lyrics
3,087
4.92
Music
Jun 16, 2017
Go to Creator's Profile
Score Distribution
Quiz Creator Spotlight
nee72495
Follow
Send a Message
Quizzes Created
-
Created Quiz Play Count
-
More By This Creator
Popular Quizzes Today
1
Find the Countries of Europe - No Outlines Minefield
2
Find the US States - No Outlines Minefield
3
The Countries of the World
4
Popular People in 1961
5
Find the US States
6
US States
7
1-10 Letter E Words III
8
Risky Map Clicking: Biggest States A-Z
More Music Quizzes
K-Pop Songs by Emoji
Quiz Lab
Trending Quizzes
Risky Map Clicking: Least Populous States A-Z
1-10 Letter F Words
1-10 Letter G Words
Not Quite an Element Typing Challenge
One Thing in Common: United Kingdom
Recently Updated
Leaping Animals
pecheneg
Reality TV Shows (A-Z)
bhenderson79
Rickey Henderson's Hall of Fame Teammates
pecheneg
Champions League XIs: Arsenal
pecheneg
Quick Pick: Celebrities in WWE's Hall of Fame
aduchscher
A-Z Keypad Blitz II
pecheneg
Multiple Oscar Actors
pecheneg
Mystery Phrase Blitz: Oscar 'Best Actors'
pecheneg
F. Scott Fitzgerald Novels
LTH
Pick 3 Villains
ddd62291
Trending Topics
Marvel
Crossword
NBA
Harry Potter
Kpop
Disney
Anime
Song
Soccer
The Office
NFL
WWE
Puzzle
Pokémon
Country
Your Account Isn't Verified!
In order to create a playlist on Sporcle, you need to verify the email address you used during registration. Go to your
Sporcle Settings
to finish the process.
Report this User
Report this user for behavior that violates our
Community Guidelines
.
Details:
Send Report
Go to the Sporcle.com Mobile Site →
Comments